| Tag |
First Indicator |
Second Indicator |
Subfields |
| LEADER |
00000cam a2200000 i 4500 |
| 001 |
in00004022713 |
| 005 |
20180723094119.0 |
| 008 |
170103s2017 ncu b s001 0 eng c |
| 010 |
|
|
|a 2016059293
|
| 035 |
|
|
|a (OCoLC)ocn970658186
|
| 040 |
|
|
|a NcU/DLC
|b eng
|e rda
|c NOC
|d DLC
|d YDX
|d OCLCQ
|d BTCTA
|d BDX
|d YDX
|d OBE
|d TYC
|d DCK
|d OCLCF
|d SGB
|d L2U
|
| 020 |
|
|
|a 9781469634623
|q hardcover ;
|q alkaline paper
|
| 020 |
|
|
|a 1469634627
|q hardcover ;
|q alkaline paper
|
| 020 |
|
|
|z 9781469634630
|q electronic book
|
| 024 |
8 |
|
|a 99977081070
|
| 035 |
|
|
|a (OCoLC)970658186
|
| 037 |
|
|
|a 13514924
|
| 042 |
|
|
|a pcc
|
| 043 |
|
|
|a n-us---
|a a-ph---
|
| 050 |
0 |
0 |
|a BL2525
|b .W4145 2017
|
| 082 |
0 |
0 |
|a 323.44/20973
|2 23
|
| 049 |
|
|
|a TXAM
|
| 100 |
1 |
|
|a Wenger, Tisa Joy,
|d 1969-
|e author.
|
| 245 |
1 |
0 |
|a Religious freedom :
|b the contested history of an American ideal /
|c Tisa Wenger.
|
| 264 |
|
1 |
|a Chapel Hill :
|b The University of North Carolina Press,
|c [2017]
|
| 300 |
|
|
|a xi, 298 pages ;
|c 25 cm
|
| 336 |
|
|
|a text
|b txt
|2 rdacontent
|
| 337 |
|
|
|a unmediated
|b n
|2 rdamedia
|
| 338 |
|
|
|a volume
|b nc
|2 rdacarrier
|
| 504 |
|
|
|a Includes bibliographical references (pages 241-288) and index.
|
| 505 |
0 |
|
|a Introduction -- Making the imperial subject : Protestants, Catholics, and Jews -- Making empire in the Philippines : Filipinos, Moros, and the ambivalence of religious freedom -- Making religion on the reservation : Native Americans and the settler secular -- Making American whiteness : Jewish identity and the tri-faith movement -- Defining a people : African Americans and the racial limits of religious freedom -- Conclusion : Race, empire, and the multiplicities of religious freedom.
|
| 520 |
|
|
|a Religious freedom is so often presented as a timeless American ideal and an inalienable right, appearing fully formed at the founding of the United States. That is simply not so, Tisa Wenger contends in this sweeping and brilliantly argued book. Instead, American ideas about religious freedom were continually reinvented through a vibrant national discourse -- Wenger calls it "religious freedom talk" -- that cannot possibly be separated from the evolving politics of race and empire. More often than not, Wenger demonstrates, religious freedom talk worked to privilege the dominant white Christian population. At the same time, a diverse array of minority groups at home and colonized people abroad invoked and reinterpreted this ideal to defend themselves and their ways of life. In so doing they posed sharp challenges to the racial and religious exclusions of American life. People of almost every religious stripe have argued, debated, negotiated, and brought into being an ideal called American religious freedom, subtly transforming their own identities and traditions in the process. In a post-9/11 world, Wenger reflects, public attention to religious freedom and its implications is as consequential as it has ever been. - Publisher.
|
| 520 |
|
|
|a "More often than not, Wenger demonstrates, religious freedom talk worked to privilege the dominant white Christian population. At the same time, a diverse array of minority groups at home and colonized people abroad invoked and reinterpreted this ideal to defend themselves and their ways of life. In so doing they posed sharp challenges to the racial and religious exclusions of American life. People of almost every religious stripe have argued, debated, negotiated, and brought into being an ideal called American religious freedom, subtly transforming their own identities and traditions in the process. In a post-9/11 world, Wenger reflects, public attention to religious freedom and its implications is as consequential as it has ever been."--Provided by publisher.
|
| 650 |
|
0 |
|a Freedom of religion
|z United States
|x History
|y 20th century.
|
| 651 |
|
0 |
|a United States
|x Race relations
|x History
|y 20th century.
|
| 651 |
|
0 |
|a United States
|x Race relations
|x Religious aspects.
|
| 651 |
|
0 |
|a United States
|x Foreign relations
|x History
|y 20th century.
|
| 651 |
|
0 |
|a United States
|x Foreign relations
|z Philippines.
|
| 651 |
|
0 |
|a Philippines
|x Foreign relations
|z United States.
|
| 650 |
|
7 |
|a Diplomatic relations.
|2 fast
|0 (OCoLC)fst01907412
|
| 650 |
|
7 |
|a Freedom of religion.
|2 fast
|0 (OCoLC)fst00934030
|
| 650 |
|
7 |
|a Race relations.
|2 fast
|0 (OCoLC)fst01086509
|
| 650 |
|
7 |
|a Race relations
|x Religious aspects.
|2 fast
|0 (OCoLC)fst01086522
|
| 651 |
|
7 |
|a Philippines.
|2 fast
|0 (OCoLC)fst01205261
|
| 651 |
|
7 |
|a United States.
|2 fast
|0 (OCoLC)fst01204155
|
| 650 |
|
7 |
|a 86.81 human rights.
|0 (NL-LeOCL)077608429
|2 nbc
|
| 648 |
|
7 |
|a 1900-1999
|2 fast
|
| 655 |
|
7 |
|a History.
|2 fast
|0 (OCoLC)fst01411628
|
| 945 |
|
|
|b 636401
|
| 947 |
|
|
|a A14850505984
|
| 994 |
|
|
|a 92
|b TXA
|
| 948 |
|
|
|a cataloged
|b h
|c 2018/7/23
|d c
|e jlanham
|f 9:41:14 am
|
| 999 |
f |
f |
|s ae513ddc-150f-3a43-9c1a-8e445edacb71
|i 4d109410-ae0c-35cb-86e4-651cf3ade392
|t 0
|
| 952 |
f |
f |
|p normal
|a Texas A&M University
|b College Station
|c Sterling C. Evans Library
|d Evans: Library Stacks
|t 0
|e BL2525 .W4145 2017
|h Library of Congress classification
|i unmediated -- volume
|m A14850505984
|
| 998 |
f |
f |
|a BL2525 .W4145 2017
|t 0
|l Evans: Library Stacks
|